| 000 | 04300njm0a2200445 4500 | ||
|---|---|---|---|
| 001 | RU\NLR\ONIZ\222778 | ||
| 005 | 20250708192814.0 | ||
| 035 | _a(NLR Aleph) 011590722 | ||
| 071 | 0 | 0 | _aМ 10-43657-58 |
| 090 |
_a13283580 _c13283580 |
||
| 100 | _a20171215d1982 |||y0rusy50 ca | ||
| 102 | _aRU | ||
| 126 |
_aabuxexu ux _bxxx |
||
| 127 | _a000044 | ||
| 135 | _ahonoannnanndn | ||
| 200 | 1 |
_a[Дирижер] Лео Блех _bЗвукозапись |
|
| 210 |
_aМ. _cМелодия _d1982 |
||
| 215 |
_a1 грп.[ГОСТ 5289-80](48 мин): 33 об/мин, моно; 30 см, в конв. _eкоммент. в конв. |
||
| 225 | 1 | _aИз сокровищницы мирового исполнительского искусства | |
| 300 | _aАрхивные записи конца 20-х-30 гг. | ||
| 327 | 1 |
_a1. Гебриды : (Фингалова пещера) : увертюра : соч. 26 / Ф. Мендельсон ; исполн.: Берлинский филармонический орк. ; _a2. Морская тишь и счастливое плаванье : Увертюра : соч. 27 / Ф. Мендельсон ; исполн.: Лондонский симфонический оркестр. _a3. Влтава : симфоническая поэма № 2 из цикла "Моя Родина" / Б. Сметана ; исполн.: Берлинская гос. капелла. _a4. Увертюра : к опере "Тангейзер" / Р. Вагнер ; исполн.: Берлинская гос. капелла |
|
| 464 | 0 |
_12001#$aГебриды$e(Фингалова пещера)$eувертюра$eсоч. 26$fФ. Мендельсон$gисполн.: Берлинский филармонический орк. _1686##$aЩ951.1-053(4Г)$vLBC/SL$2rubbk _1700#1$9z01790$aМендельсон-Бартольди$bФ.$gФеликс$f1809-1847$4230$7ca _171202$aБерлинский филармонический оркестр$4590 _1790#1$9z01700$aMendelssohn-Bartholdy$bF.$gFelix$f1809-1847$4230$7ba _tГебриды _aМендельсон-Бартольди, Феликс (1809-1847) |
|
| 464 | 0 |
_12001#$aМорская тишь и счастливое плаванье$eУвертюра$eсоч. 27$fФ. Мендельсон$gисполн.: Лондонский симфонический оркестр _1686##$aЩ951.1-053(4Г)$vLBC/SL$2rubbk _1700#1$9z01790$aМендельсон-Бартольди$bФ.$gФеликс$f1809-1847$4230$7ca _171202$aЛондонский симфонический оркестр$4590 _1790#1$9z01700$aMendelssohn-Bartholdy$bF.$gFelix$f1809-1847$4230$7ba _tМорская тишь и счастливое плаванье _aМендельсон-Бартольди, Феликс (1809-1847) |
|
| 464 | 0 |
_12001#$aВлтава$eсимфоническая поэма № 2 из цикла "Моя Родина"$fБ. Сметана$gисполн.: Берлинская гос. капелла _150000$aМоя родина$iВлтава$bЗвукозапись$h№ 2$lпоэма$rсимф. оркестр _1686##$aЩ951.1-051(4Ч)$vLBC/SL$2rubbk _1700#1$9z01790$aСметана$bБ.$gБедржих$f1824-1884$4230$7ca _1790#1$9z01700$aSmetana$bB.$gBedřich$f1824-1884$4230$7ba _tВлтава _aСметана, Бедржих (1824-1884) |
|
| 464 | 0 |
_12001#$aУвертюра$eк опере "Тангейзер"$fР. Вагнер$gисполн.: Берлинская гос. капелла _1686##$aЩ951.1-071(4Г)$vLBC/SL$2rubbk _1700#1$9z01790$aВагнер$bР.$gРихард$f1813-1883$4230 _1790#1$9z01700$aWagner$bR.$gRichard$f1813-1883$4230 _tУвертюра _aВагнер, Рихард (1813-1883) |
|
| 606 | 1 |
_aИсполнительское искусство дирижеры _xЗвукозапись _yГермания _z20 в. _2nlr_sh |
|
| 686 |
_aЩ951.1, 8(3) _vLBC/SL _2rubbk |
||
| 700 | 1 |
_9z01790 _aБлех _bЛ. _f1871-1958 _gЛео _4250 |
|
| 790 | 1 |
_9z01700 _aBlech _bL. _f1871-1958 _gLeo _4250 |
|
| 801 | 0 |
_aRU _bNLR _c20171215 _gPSBO |
|
| 801 | 1 |
_aRU _bNLR _c20171215 _2rusmarc |
|
| 801 | 2 |
_aRU _bNLR _c20171215 |
|
| 852 |
_aNLR _bМг _j3/4050[I/7] _p22282 _t1 |
||
| 852 |
_aNLR _j3/4050[I/7] _p17977 _t2 |
||
| 852 |
_aNLR _j3/4050[I/7] _p32010 _t3 |
||
| 942 | _cREC | ||
| 980 | _aNB | ||
| 980 | _aONIZ | ||